000 00250nam a2200097Ia 4500
001 1090025
005 20250827002833.0
008 250824s9999 xx 000 0 und d
245 0 _aDOĞU BATI ARASINDA İSLAM
_cALİYA İZETBEGOVİÇ
260 _bKETEBE
999 _c1090025
_d1090025